000 00738nam a2200277 i 4500
001 C2-0054052
003 PPAK
005 20190630222100.0
008 970226s1990 my a|||| ||||| | may d
020 _a9836213643
040 _aPPAK
_beng
_cPPAK
_erda
082 0 4 _a930.1
_223
090 0 0 _a930.1
_bHOL
_dG
090 0 0 _a930.1
_bHOL
_dKIH
090 0 0 _a930.1
_bHOL
_dKSA
100 1 _aHole, Frank,
_eauthor
245 1 0 _aArkeologi prasejarah
264 1 _aKuala Lumpur :
_bDewan Bahasa dan Pustaka ,
_c1990
300 _axiii, 492 pages :
_billustrations ;
_c25 cm
336 _2rdacontent
_atext
337 _2rdamedia
_aunmediated
338 _2rdacarrier
_avolume
650 1 0 _aArcheology
700 _eauthor
942 _ddc
_cB
999 _c6826
_d6826